[Event "Benasque op"]
[Site "Benasque"]
[Date "1997.??.??"]
[Round "9"]
[White "Kovacevic, Slobodan"]
[Black "Becerra Rivero, Julio"]
[Result "1/2-1/2"]
[WhiteElo "2420"]
[BlackElo "2510"]

1.d4 Nf6 2.Nf3 g6 3.c3 b6 4.Bg5 Bg7 5.Nbd2 Bb7 6.e3 d6 7.Bd3 Nbd7 8.O-O O-O
9.e4 e5 10.Re1 h6 11.Bh4 Qe7 12.Qc2 Qe8 13.dxe5 dxe5 14.b4 Nh5 15.Nc4 Nf4
16.Bf1 Qe6 17.Nfd2 h5 18.f3  1/2-1/2

[Event "Capablanca 32th Elite"]
[Site "Cienfuegos"]
[Date "1997.??.??"]
[Round "2"]
[White "Becerra Rivero, Julio"]
[Black "Borges Mateos, Juan"]
[Result "1/2-1/2"]
[WhiteElo "2510"]
[BlackElo "2500"]

1.e4 e6 2.d4 d5 3.Nc3 Nf6 4.Bg5 dxe4 5.Nxe4 Be7 6.Bxf6 gxf6 7.Bc4 b6 8.Nf3 Bb7
9.Qe2 c6 10.O-O-O Qc7 11.Nfd2 Nd7 12.Qh5 Nf8 13.Rhe1 Ng6 14.g3 O-O-O 15.Nb3 Kb8
16.h4 c5 17.dxc5 Ne5 18.Bf1 Rxd1+ 19.Qxd1 Rd8 20.Qh5 bxc5 21.f4 f5 22.Nexc5 Bxc5
23.Rxe5 Bf2 24.Rb5 a6 25.Rb4 Qd6 26.c3 Ka8 27.Nd4 Qc7  1/2-1/2

[Event "Anibal op 4th"]
[Site "Linares"]
[Date "1997.??.??"]
[Round "7"]
[White "Becerra Rivero, Julio"]
[Black "Burmakin, Vladimir"]
[Result "1/2-1/2"]
[WhiteElo "2510"]
[BlackElo "2530"]

1.e4 c6 2.c4 d5 3.exd5 cxd5 4.cxd5 Nf6 5.Qa4+ Nbd7 6.Nc3 g6 7.Nf3 Bg7 8.Qb3 O-O
9.Bc4 a6 10.a4 Qa5 11.Ra3 Nb6 12.O-O Nxc4 13.Qxc4 Bf5 14.Nd4 Bd7 15.Nb3 Qd8
16.Qb4 Qc7 17.h3 Rfd8 18.d4 Be8 19.Bg5 Nxd5 20.Nxd5 Rxd5 21.Qxe7  1/2-1/2

[Event "CUB-ch"]
[Site "Matanzas"]
[Date "1997.??.??"]
[Round "7"]
[White "Becerra Rivero, Julio"]
[Black "Rodriguez, Amador"]
[Result "1/2-1/2"]
[WhiteElo "2510"]
[BlackElo "2555"]

1.e4 d5 2.exd5 Qxd5 3.Nc3 Qa5 4.d4 c6 5.Nf3 Nf6 6.Bd2 Bf5 7.Bc4 e6 8.Ne4 Qd8
9.Ng3 Bg4 10.c3 Nbd7 11.h3 Bxf3 12.Qxf3 Bd6 13.Ne2 Qc7 14.g4 Nd5 15.Bb3 b5
16.Kf1 N7b6 17.Bc2 a5 18.Re1 a4 19.Bd3 O-O 20.h4 f5 21.g5 Nc4 22.Bc1 e5  1/2-1/2

[Event "CUB-ch"]
[Site "Matanzas"]
[Date "1997.??.??"]
[Round "8"]
[White "Perez, Rodney"]
[Black "Becerra Rivero, Julio"]
[Result "0-1"]
[WhiteElo "2385"]
[BlackElo "2510"]

1.c4 g6 2.Nc3 Bg7 3.g3 c5 4.Bg2 Nc6 5.d3 d6 6.Bd2 Nh6 7.h4 Ng4 8.h5 O-O 9.a3 e6
10.Rb1 a5 11.Nh3 Qe7 12.hxg6 fxg6 13.e3 Nf6 14.Nf4 Bd7 15.Ne4 e5 16.Nd5 Nxd5
17.cxd5 Nd8 18.b4 cxb4 19.axb4 a4 20.b5 Nf7 21.Nc3 a3 22.Ra1 Ng5 23.e4 Qf6
24.Be3 h5 25.Ra2 Bg4 26.Qc1 Nf3+ 27.Kf1 Kh7 28.Rxa3 Rxa3 29.Qxa3 Bh6 30.Qc1 Bxe3
31.Qxe3 Rc8 32.Ne2 Rc2 33.Bh3 Nd2+ 34.Kg2 Bxh3+  0-1

[Event "Mislata op 6th"]
[Site "Mislata"]
[Date "1997.??.??"]
[Round "3"]
[White "Crespo, Raimundo Francisco"]
[Black "Becerra Rivero, Julio"]
[Result "0-1"]
[WhiteElo "2200"]
[BlackElo "2495"]

1.e4 c6 2.d4 d5 3.e5 Bf5 4.Nf3 e6 5.Be2 Ne7 6.O-O Bg6 7.b3 Nf5 8.c4 Bh5 9.Be3 Nd7
10.Nbd2 Be7 11.h3 O-O 12.Bd3 Bg6 13.Qe2 f6 14.cxd5 cxd5 15.Bxf5 Bxf5 16.Qb5 fxe5
17.dxe5 b6 18.Rfc1 Ba3 19.Rf1 Bb2 20.Bg5 Qe8 21.Rae1 Nxe5 22.Qxe8 Nxf3+ 23.Nxf3 Rfxe8
24.Re2 Bc3 25.Rd1 Be4 26.Nd4 h6 27.Bh4 Bxd4 28.Rxd4 Rac8 29.f3 Bg6 30.Kh2 Rc6
31.Bg3 Rec8 32.Be5 Rc2 33.Rxc2 Rxc2 34.Ra4 a5 35.Rg4 Kf7 36.Rf4+ Bf5 37.Ra4 g5
38.Bd4 Rc6 39.g4 Bd3 40.Kg3 Bf1 41.Be5 Rc2 42.f4 Bb5 43.Ra3 gxf4+ 44.Kxf4 Re2
45.Bc7 e5+ 46.Kg3 d4 47.Bxb6 d3 48.Bxa5 e4 49.Bb4 e3 50.Ra8 Rc2 51.Rf8+ Kg7
52.Kf3 d2  0-1

[Event "Mislata op 6th"]
[Site "Mislata"]
[Date "1997.??.??"]
[Round "8"]
[White "Becerra Rivero, Julio"]
[Black "Rodriguez Herreros, Victor"]
[Result "1-0"]
[WhiteElo "2495"]
[BlackElo "2255"]

1.e4 e6 2.d4 d5 3.Nc3 Bb4 4.exd5 exd5 5.Bd3 c6 6.Ne2 Ne7 7.Ng3 Ng6 8.O-O O-O
9.Nce2 Bd6 10.c3 Bg4 11.f3 Be6 12.Qc2 Qc8 13.Bd2 Nd7 14.f4 Bg4 15.f5 Bxe2
16.Nxe2 Ne7 17.Nf4 Nf6 18.Rae1 Qc7 19.Qd1 Rae8 20.g4 Nc8 21.g5 Rxe1 22.Qxe1 Re8
23.Qh4 Ne4 24.Bc1 g6 25.Rf3 Qd8 26.f6 Kh8 27.Rh3  1-0

[Event "Ubeda op"]
[Site "Ubeda"]
[Date "1997.??.??"]
[Round "3"]
[White "Becerra Rivero, Julio"]
[Black "Gershon, Alik"]
[Result "0-1"]
[WhiteElo "2510"]
[BlackElo "2420"]

1.e4 c5 2.Nf3 Nc6 3.Bb5 e6 4.Bxc6 bxc6 5.O-O d5 6.d3 Nf6 7.Nc3 Be7 8.b3 O-O
9.Nd2 e5 10.Qe1 Be6 11.Nd1 Qc7 12.Bb2 Nd7 13.c4 d4 14.Bc1 Nf6 15.Qe2 g6 16.Re1 Nh5
17.Nf1 Bd6 18.Nb2 Rae8 19.Na4 Qe7 20.Ba3 Ng7 21.Qd2 Qc7 22.Ng3 f5 23.exf5 gxf5
24.Qg5 Qe7 25.Qxe7 Rxe7 26.Bc1 Bc8 27.Ba3 Ne6 28.Nf1 Rg7 29.g3 e4 30.dxe4 fxe4
31.Nd2 e3 32.Ne4 Ng5 33.Nxd6 Rxf2  0-1

[Event "Ubeda op"]
[Site "Ubeda"]
[Date "1997.??.??"]
[Round "6"]
[White "Wohl, Aleksandar H"]
[Black "Becerra Rivero, Julio"]
[Result "1-0"]
[WhiteElo "2425"]
[BlackElo "2510"]

1.e4 c5 2.Nf3 d6 3.d4 cxd4 4.Nxd4 Nf6 5.Nc3 Nc6 6.Bc4 e6 7.Be3 Be7 8.Qe2 Bd7
9.O-O-O Rc8 10.Bb3 Na5 11.f3 O-O 12.g4 Nxb3+ 13.axb3 Qa5 14.Kb1 Ne8 15.Rhg1 Nc7
16.f4 b5 17.e5 dxe5 18.Nf5 exf5 19.Rxd7 b4 20.Rxe7 bxc3 21.Rxe5 Nd5 22.Bd4 cxb2
23.Bxb2 fxg4 24.Qxg4 g6 25.c4 Nc3+ 26.Kc2 Nb5 27.Qh5 Na3+ 28.Kc1 Qb4 29.Re3 Rxc4+
30.bxc4 Qxc4+ 31.Bc3 Qxf4 32.Qe5 Qxe5 33.Rxe5 Rc8 34.Rg3  1-0

[Event "Ubeda op"]
[Site "Ubeda"]
[Date "1998.01.22"]
[Round "3"]
[White "Becerra Rivero, Julio"]
[Black "Estremera Panos, Sergio"]
[Result "1-0"]
[WhiteElo "2465"]
[BlackElo "2400"]

1.e4 e5 2.Nf3 Nc6 3.Bb5 a6 4.Ba4 Nf6 5.O-O Nxe4 6.d4 b5 7.Bb3 d5 8.dxe5 Be6
9.Nbd2 Nc5 10.c3 Bg4 11.Bc2 Be7 12.Re1 O-O 13.Nb3 Re8 14.Bf4 Ne6 15.Bg3 Bh5
16.a4 Qd7 17.Be4 Rad8 18.axb5 axb5 19.Bd3 Rb8 20.Qe2 Ncd8 21.Ra7 b4 22.c4 Nc6
23.Ra6 Red8 24.Rd1 Ncd4 25.Nbxd4 Nxd4 26.Bxh7+ Kxh7 27.Rxd4 Ra8 28.cxd5 Qf5
29.Rd1 Rxa6 30.Qxa6 Qc2 31.Qd3+ Bg6 32.Qxc2 Bxc2 33.Rd2 b3 34.d6 Ra8 35.h4 Bd8
36.e6 cxd6 37.exf7 Bf6 38.Bxd6 Bxb2 39.f8=Q Rxf8 40.Bxf8 Bc1  1-0

[Event "Capablanca mem 33th Elite"]
[Site "Havana"]
[Date "1998.05.07"]
[Round "1"]
[White "Becerra Rivero, Julio"]
[Black "Bischoff, Klaus"]
[Result "1-0"]
[WhiteElo "2465"]
[BlackElo "2545"]

1.e4 c5 2.Nf3 e6 3.d4 cxd4 4.Nxd4 a6 5.Bd3 Qb6 6.Nb3 Qc7 7.O-O Nf6 8.f4 d6
9.Qe2 Nc6 10.N1d2 Be7 11.Nf3 Nd7 12.c3 b6 13.Nbd4 Bb7 14.Bd2 O-O 15.Rae1 b5
16.Bb1 Rfd8 17.Nxc6 Bxc6 18.Nd4 Bb7 19.Qg4 Re8 20.e5 Nf8 21.f5 dxe5 22.Bh6 Bf6
23.fxe6 Ng6 24.Bxg7 Kxg7 25.Rxf6 Kxf6 26.Rf1+ Kg7 27.Rxf7+ Qxf7 28.exf7 Kxf7
29.Qh5 Rh8 30.Qf5+  1-0

[Event "Capablanca mem 33th Elite"]
[Site "Havana"]
[Date "1998.05.14"]
[Round "6"]
[White "Becerra Rivero, Julio"]
[Black "Borges Mateos, Juan"]
[Result "1/2-1/2"]
[WhiteElo "2465"]
[BlackElo "2480"]

1.e4 c5 2.Nf3 e6 3.d4 cxd4 4.Nxd4 a6 5.Bd3 Nc6 6.Nxc6 bxc6 7.O-O d5 8.c4 Nf6
9.Nc3 Be7 10.cxd5 cxd5 11.exd5 exd5 12.Be3 O-O 13.Bd4 Rb8 14.Re1 Rb4 15.Bc2 Be6
16.Qd3 g6 17.Bb3 Ne4  1/2-1/2

[Event "Capablanca mem 33th Elite"]
[Site "Havana"]
[Date "1998.05.16"]
[Round "7"]
[White "Huebner, Robert"]
[Black "Becerra Rivero, Julio"]
[Result "1-0"]
[WhiteElo "2560"]
[BlackElo "2465"]

1.d4 Nf6 2.Nf3 g6 3.g3 Bg7 4.Bg2 O-O 5.O-O c6 6.c4 d6 7.Nc3 Qa5 8.e4 Bg4
9.h3 Bxf3 10.Qxf3 Nfd7 11.Rd1 c5 12.d5 Nb6 13.Qe2 N8d7 14.Nb5 Qb4 15.b3 Bxa1
16.Bd2 Bg7 17.Bxb4 cxb4 18.f4 a6 19.Nd4 a5 20.Nb5 Nc8 21.h4 Na7 22.Nd4 Rfd8
23.Bh3 Bxd4+ 24.Rxd4 Nc5 25.Qd2 b5 26.e5 bxc4 27.Rxc4 Nb5 28.h5 a4 29.bxa4 Rxa4
30.Rxb4 Ne4 31.Qb2 Rxb4 32.Qxb4 Nbc3 33.Bf1 f5 34.exf6 exf6 35.h6  1-0

[Event "Garcia mem Premier"]
[Site "Santa Clara"]
[Date "1998.05.25"]
[Round "2"]
[White "Becerra Rivero, Julio"]
[Black "Perez, Rodney"]
[Result "0-1"]
[WhiteElo "2465"]
[BlackElo "2395"]

1.e4 e6 2.d4 d5 3.Nc3 dxe4 4.Nxe4 Be7 5.Nf3 Nd7 6.Bd3 Ngf6 7.Qe2 c5 8.Nxf6+ Bxf6
9.d5 Nb6 10.Bb5+ Kf8 11.dxe6 Bxe6 12.O-O h6 13.Bd3 c4 14.Be4 Qc7 15.c3 Re8
16.Qc2 g6 17.Be3 Kg7 18.Rad1 Rd8 19.Qc1 Nd5 20.Nd4 Bg4 21.Nb5 Qa5 22.Rxd5 Rxd5
23.Bxd5 Qxb5 24.Be4 b6 25.h3 Bf5 26.a4 Qxa4 27.Bxf5 gxf5 28.Rd1 Qc6 29.Bf4 Qe4
30.Re1 Qd5 31.Rd1 Qe4 32.f3 Qe7 33.Rd5 Bg5 34.Rxf5 f6 35.Rd5 Rd8 36.Rxd8 Qxd8
37.h4 Bxh4 38.Bxh6+ Kg6 39.Bf4 Qd3 40.Qa1 Qc2 41.Qxa7 Bf2+ 42.Kf1 Bc5 43.Bg3 Qd1+  0-1

[Event "Garcia mem Premier"]
[Site "Santa Clara"]
[Date "1998.05.26"]
[Round "3"]
[White "Bellon Lopez, Juan Manuel"]
[Black "Becerra Rivero, Julio"]
[Result "0-1"]
[WhiteElo "2455"]
[BlackElo "2465"]

1.d4 g6 2.Nf3 Bg7 3.Nc3 Nf6 4.Bg5 d5 5.e3 O-O 6.Be2 Bg4 7.Ne5 Bxe2 8.Qxe2 c6
9.h4 Nfd7 10.Nxd7 Qxd7 11.h5 e5 12.O-O-O Qf5 13.f4 exd4 14.exd4 h6 15.g4 Qe6
16.Be7 Qxe2 17.Nxe2 Re8 18.hxg6 fxg6 19.f5 Rxe7 20.Nf4 g5 21.Ne6 Nd7 22.Rd3 Nf6
23.Rg3 Rae8 24.c3 Kf7 25.Rg2 Rxe6 26.fxe6+ Rxe6 27.Kd2 Re4 28.Rhg1 Bf8 29.Kd3 Bd6
30.Rf2 Kg6 31.Rfg2 c5 32.Re2 c4+ 33.Kd2 Bf4+ 34.Ke1 Be3 35.Rf1 Nxg4  0-1

[Event "Garcia mem Premier"]
[Site "Santa Clara"]
[Date "1998.05.28"]
[Round "4"]
[White "Becerra Rivero, Julio"]
[Black "Herrera, Irisberto"]
[Result "1/2-1/2"]
[WhiteElo "2465"]
[BlackElo "2445"]

1.e4 c5 2.Nf3 d6 3.c3 Nf6 4.Be2 g6 5.O-O Bg7 6.Re1 Nc6 7.Bf1 O-O 8.a3 a5
9.h3 e5 10.d3 d5 11.Bg5 dxe4 12.Bxf6 Qxf6 13.dxe4 Rd8 14.Qe2 a4 15.Qe3 Na5
16.Nbd2 b6 17.Nc4 Nxc4 18.Bxc4 Be6 19.Qe2 Bxc4 20.Qxc4 Qc6 21.Rad1 b5 22.Qe2 c4
23.Nh2 h5 24.Qf3 Qf6 25.Nf1 Qxf3 26.gxf3 Bf6 27.Ne3 Rxd1 28.Rxd1 Rd8 29.Nd5 Kg7
30.Kf1 Rd7 31.Ke2 Bd8 32.Rg1 Rd6 33.f4 exf4 34.Nxf4 Kf6 35.Nd5+ Ke6 36.f4 Kd7
37.Kf3 Ke6 38.Rg2 Rd7 39.Ke2 Rd6 40.Rg3 Rd7 41.Nb4 Bc7 42.Rf3 f5 43.e5 g5
44.fxg5 Bxe5 45.Nc6 f4 46.h4 Kd5 47.Nxe5 Kxe5 48.Rf1 Ke4 49.g6 Rd3 50.Rg1 f3+
51.Ke1 Ke3 52.Rg3 Rd8 53.g7 Rg8 54.Rg5 Kd3 55.Kf2 Kc2 56.Rxh5 Rxg7 57.Rxb5 Rf7
58.h5 Rf6 59.Rb4 Rf4 60.h6 Rh4 61.Kxf3 Rxh6 62.Ke4 Rd6 63.Ke5 Rd3 64.Ke4 Rd8
65.Rxa4 Kxb2 66.Rxc4 Kxa3 67.Rd4 Rc8 68.Kd3 Rc7 69.Rd5 Kb3 70.Rb5+ Ka4 71.c4 Rc8
72.Kd4 Rd8+ 73.Rd5  1/2-1/2

[Event "Garcia mem Premier"]
[Site "Santa Clara"]
[Date "1998.06.02"]
[Round "8"]
[White "Martin del Campo, Roberto"]
[Black "Becerra Rivero, Julio"]
[Result "0-1"]
[WhiteElo "2485"]
[BlackElo "2465"]

1.e4 c5 2.Nf3 d6 3.d4 cxd4 4.Qxd4 Bd7 5.c4 Nc6 6.Qd2 g6 7.b3 Nf6 8.Nc3 Bg7
9.Bb2 Bg4 10.Be2 O-O 11.O-O Bxf3 12.Bxf3 Nd7 13.Be2 Nc5 14.Rfe1 Qa5 15.Bf1 a6
16.Rad1 Rfd8 17.Qc2 b5 18.Ba1 Nd4 19.Qd2 Ndxb3 20.axb3 Nxb3 21.Qb2 Nxa1 22.e5 bxc4
23.Rxa1 Qc5 24.Ra4 d5 25.Qa2 a5 26.g3 e6 27.Kh1 Rdb8 28.f4 Rb3 29.Rc1 Bf8
30.Bg2 Qe3 31.Qc2 Ba3 32.Rxa3 Rxa3 33.Nxd5 exd5 34.Bxd5 Rd8 35.Bxc4 Rd2 36.Bxf7+ Kg7
37.Qc6 Rxh2+ 38.Kxh2 Qxg3+  0-1

[Event "Garcia mem Premier"]
[Site "Santa Clara"]
[Date "1998.06.06"]
[Round "11"]
[White "Becerra Rivero, Julio"]
[Black "Vasquez, Rodrigo"]
[Result "1/2-1/2"]
[WhiteElo "2465"]
[BlackElo "2485"]

1.e4 b6 2.d4 Bb7 3.Nd2 e6 4.Ngf3 d6 5.Bd3 Nd7 6.c3 g6 7.Qe2 Bg7 8.Nf1 Ngf6
9.Ng3 a6 10.h4 h6 11.Bd2 Qe7 12.O-O-O b5 13.Kb1 Nb6 14.Bc1 h5 15.e5  1/2-1/2

[Event "Elista ol (Men)"]
[Site "Elista"]
[Date "1998.09.30"]
[Round "2"]
[White "Becerra Rivero, Julio"]
[Black "Sturua, Zurab"]
[Result "0-1"]
[WhiteElo "2485"]
[BlackElo "2600"]

1.e4 e5 2.Nf3 Nc6 3.Bb5 Nf6 4.O-O Nxe4 5.d4 Nd6 6.Bxc6 dxc6 7.dxe5 Nf5 8.Qxd8+ Kxd8
9.Nc3 Ke8 10.b3 a5 11.Bb2 Bb4 12.Ne4 a4 13.a3 Be7 14.b4 Be6 15.Rfe1 h5 16.Rad1 Rd8
17.Rxd8+ Kxd8 18.Bc1 Bd5 19.Nfg5 Kc8 20.Nc3 Bc4 21.Nf3 b5 22.Bg5 Bxg5 23.Nxg5 Nd4
24.Rc1 Re8 25.f4 f6 26.Nf3 Nxf3+ 27.gxf3 c5 28.bxc5 Kb7 29.Kf2 fxe5 30.f5 Rf8
31.Rg1 Rxf5 32.Rxg7 Kc6 33.Ke3 Bf7 34.Ne4 b4 35.axb4 a3 36.c4 Bxc4 37.Nc3 a2
38.Rg6+ Kb7 39.Rg1 Rg5 40.Rc1 Rg2 41.Ke4 Rc2 42.Nxa2 Re2+ 43.Kf5 Bxa2 44.b5 Rxh2
45.Kxe5 h4 46.Kf4 Rg2 47.Re1 h3 48.Re7 Bg8  0-1

[Event "Elista ol (Men)"]
[Site "Elista"]
[Date "1998.10.05"]
[Round "7"]
[White "Irzhanov, Ruslan"]
[Black "Becerra Rivero, Julio"]
[Result "1/2-1/2"]
[WhiteElo "2535"]
[BlackElo "2485"]

1.Nf3 Nf6 2.g3 g6 3.Bg2 Bg7 4.O-O O-O 5.d4 c6 6.c4 d6 7.Nc3 Qa5 8.e4 Bg4
9.h3 Bxf3 10.Qxf3 Nfd7 11.Rd1 c5 12.dxc5 Ne5 13.Qe2 dxc5 14.f4 Nec6 15.e5 Nd4
16.Qf2 Nbc6 17.Be3 f6 18.exf6 Bxf6 19.Ne4 Bg7 20.Nxc5 Qxc5 21.Bxc6 Qxc6 22.Bxd4 e5
23.Bc3 Rf7 24.c5 Raf8 25.b4 Qc8 26.Rd5 Qe6 27.Rad1 exf4 28.Bxg7 fxg3 29.Qxg3 Rf3
30.Qxf3 Rxf3 31.Bh6 Qxh3 32.Rd8+ Kf7 33.R1d7+ Ke6 34.Rd6+ Ke7 35.Bg5+ Kf7
36.R6d7+ Ke6 37.Re7+ Kf5 38.Rd5+ Kg4 39.Re4+ Kg3 40.Bh4+ Qxh4 41.Rxh4 Kxh4
42.Rd7 h5 43.Rxb7 g5 44.b5 Kg3 45.b6 Rc3 46.Kf1 axb6 47.cxb6 Rc1+ 48.Ke2 Rc2+
49.Kd3 Rxa2 50.Ra7 Rb2 51.b7 h4 52.Kc4 Kg4 53.Kc3 Rb6 54.Ra4+ Kf3 55.Rb4 Rxb7
56.Rxb7 g4 57.Kd3 h3 58.Rh7 Kg2 59.Ke3 h2 60.Kf4 g3 61.Rh6  1/2-1/2

[Event "Carlos Torre op 11th"]
[Site "Merida"]
[Date "1998.12.20"]
[Round "6"]
[White "Becerra Rivero, Julio"]
[Black "Martin del Campo, Roberto"]
[Result "1-0"]
[WhiteElo "2485"]
[BlackElo "2465"]

1.e4 c5 2.Nf3 d6 3.d4 cxd4 4.Nxd4 Nf6 5.Nc3 a6 6.h3 g6 7.g3 Nc6 8.Nde2 Bg7
9.Bg2 O-O 10.O-O Bd7 11.a4 Rb8 12.Nd5 b5 13.axb5 axb5 14.Bg5 Nxd5 15.exd5 Ne5
16.Qc1 Rc8 17.Rd1 Nc4 18.Ra2 Qc7 19.b3 Nb6 20.Qe3 Ra8 21.Rxa8 Rxa8 22.Nd4 Re8
23.Rd2 e5 24.dxe6 fxe6 25.Qd3 b4 26.Nb5 Qc5 27.Nxd6 Qxg5 28.Nxe8 Bxe8 29.Qd6 Bf8
30.Qxe6+ Bf7 31.Qe2 Nd5 32.h4 Qf5 33.g4 Qd7 34.Qd1 Qe7 35.Bxd5 Bxd5 36.Rxd5 Qxh4
37.Rd8 Kg7 38.Qd4+ Kh6 39.Rxf8  1-0

[Event "Carlos Torre op 11th"]
[Site "Merida"]
[Date "1998.12.20"]
[Round "7"]
[White "Christiansen, Larry Mark"]
[Black "Becerra Rivero, Julio"]
[Result "1/2-1/2"]
[WhiteElo "2610"]
[BlackElo "2485"]

1.e4 c5 2.Nf3 d6 3.c3 Nf6 4.Bd3 Nc6 5.Bc2 e5 6.O-O Be7 7.h3 O-O 8.Re1 Qc7
9.d3 h6 10.Nbd2 Be6 11.Nf1 Rad8 12.Ng3 d5 13.Qe2 Rfe8 14.Bd2 Bf8 15.Ba4 Nd7
16.exd5 Bxd5 17.Nh2 Nb6 18.Bc2 Qd7 19.Qh5 Be6 20.Nf3 f6 21.Rad1 Qf7 22.Qxf7+ Kxf7
23.a3 Rc8  1/2-1/2

[Event "Carlos Torre op 11th"]
[Site "Merida"]
[Date "1998.12.21"]
[Round "8"]
[White "Becerra Rivero, Julio"]
[Black "Hernandez, Gilberto"]
[Result "1/2-1/2"]
[WhiteElo "2485"]
[BlackElo "2520"]

1.e4 c5 2.Nf3 d6 3.d4 cxd4 4.Nxd4 Nf6 5.Nc3 Nc6 6.Bg5 e6 7.Qd2 a6 8.O-O-O Bd7
9.f3 Qc7 10.Kb1 Be7 11.h4 b5 12.Bxb5 axb5 13.Ndxb5 Qb8 14.Nxd6+ Qxd6 15.Qxd6 Bxd6
16.Rxd6 h6 17.Be3 Ne5 18.b3 Rc8 19.Bd4 Nc6 20.Bc5 Ne5 21.Bb4 O-O 22.Rhd1 Bc6
23.Ne2 Ng6 24.Be1 Ne8 25.Rd8 Nc7 26.Rxc8 Rxc8 27.Bg3 h5 28.Nd4 Bb7 29.c4 e5
30.Nf5 Ne6 31.Bf2 Kf8 32.Kb2 Ne7 33.Rd7 Nxf5 34.exf5 Nd8 35.a4 Ke8 36.Rd6 Ke7
37.Rd2 f6 38.Kc3 Nf7 39.b4 Nh6 40.b5 Nxf5 41.c5 Ke6 42.Kb4 Rb8 43.Ka5 Bd5
44.c6 Nd6 45.Rc2 Bb3 46.Rc3 Ra8+ 47.Kb4 Bxa4 48.b6 Bxc6 49.Rxc6 Kd5 50.Rc5+ Ke6
51.Rc7 g5 52.Bc5 Ra1 53.hxg5 fxg5 54.Rh7 Rb1+ 55.Ka4 Kd5 56.Bxd6 Kxd6 57.Ka5 Kc5
58.Rc7+ Kd4 59.Ka6 g4 60.fxg4 hxg4 61.b7 e4 62.Rg7 e3 63.Rxg4+ Kd3 64.Rg8 e2
65.Rd8+ Kc2 66.Re8 Kd2 67.g4 Ra1+ 68.Kb6 Rb1+ 69.Kc7 Rc1+ 70.Kb8 e1=Q 71.Rxe1 Rxe1
72.g5 Rg1 73.Kc7  1/2-1/2

[Event "Linares Anibal op"]
[Site "Linares"]
[Date "1999.01.10"]
[Round "3"]
[White "Becerra Rivero, Julio"]
[Black "Scavo, Fernando"]
[Result "1-0"]
[WhiteElo "2485"]
[BlackElo "2290"]

1.e4 e6 2.d4 d5 3.Nc3 Bb4 4.e5 c5 5.a3 Bxc3+ 6.bxc3 Ne7 7.h4 Qa5 8.Bd2 cxd4
9.cxd4 Qa4 10.Nf3 Nbc6 11.h5 b6 12.h6 gxh6 13.c3 Qxd1+ 14.Kxd1 Bd7 15.Rxh6 Nf5
16.Rh5 Na5 17.g4 Ba4+ 18.Ke1 Ng7 19.Rh6 Bc2 20.Nh4 Nc4 21.Bg5 Kd7 22.Bf6 Rhg8
23.Rc1 Nxa3 24.Kd2 Bb1 25.c4 Ne8 26.cxd5 Rxg4 27.Nf3 Rf4 28.dxe6+ fxe6 29.Rc3 Bg6
30.Rxa3 Nxf6 31.exf6 Kd6 32.Rh4 Rxf6 33.Re3 Raf8 34.Ne5 a5 35.f3 Kc7 36.Ba6  1-0

[Event "Linares Anibal op"]
[Site "Linares"]
[Date "1999.01.11"]
[Round "4"]
[White "Mork, Kjell Arne"]
[Black "Becerra Rivero, Julio"]
[Result "0-1"]
[WhiteElo "2345"]
[BlackElo "2485"]

1.e4 c5 2.Nc3 Nc6 3.g3 g6 4.Bg2 Bg7 5.d3 e6 6.Be3 Nd4 7.Nce2 d6 8.c3 Nc6
9.d4 cxd4 10.Nxd4 a6 11.Nge2 Nge7 12.O-O O-O 13.Qc2 Qc7 14.Rad1 Nxd4 15.Nxd4 e5
16.Nf3 b5 17.Rd2 Bb7 18.Rfd1 Rad8 19.Ng5 h6 20.Nh3 f5 21.a4 Kh7 22.a5 Nc8
23.f4 fxe4 24.fxe5 dxe5 25.Bxe4 Bxe4 26.Qxe4 Rxd2 27.Rxd2 Nd6 28.Qd3 Nc4
29.Re2 Qxa5 30.Kg2 Qc7 31.Qe4 Qf7 32.Rf2 Qd5  0-1

[Event "Linares Anibal op"]
[Site "Linares"]
[Date "1999.01.16"]
[Round "9"]
[White "Pierrot, Facundo"]
[Black "Becerra Rivero, Julio"]
[Result "1-0"]
[WhiteElo "2420"]
[BlackElo "2485"]

1.e4 d5 2.exd5 Qxd5 3.Nc3 Qa5 4.d4 Nf6 5.Nf3 Nc6 6.h3 Bf5 7.Bb5 Ne4 8.a4 a6
9.Bxc6+ bxc6 10.Bd2 Nxd2 11.Nxd2 g6 12.Qf3 Bd7 13.Nc4 Qf5 14.Qxf5 Bxf5 15.O-O-O Be6
16.Ne5 Bd5 17.f3 f6 18.Nd3 Kf7 19.Rhe1 Bh6+ 20.Kb1 Rhd8 21.Ne4 Rab8 22.Nec5 Bc4
23.c3 Rb6 24.Kc2 a5 25.b3 Bxd3+ 26.Rxd3 Rd6 27.Re4 f5 28.Re2 Bg5 29.Rd1 Bf6
30.Nd3 Rd5 31.g3 Rb8 32.Rde1 Re8 33.Nf4 Rd7 34.Ne6 Rb8 35.Re3 Rb6 36.g4 h6
37.f4 Bh4 38.R1e2 Rb8 39.gxf5 gxf5 40.Re5 Ra8 41.Rxf5+ Bf6 42.Rh5 Rd6 43.f5 Rh8
44.Rg2 Rh7 45.Nxc7 Rd8 46.Rg6 Rg8 47.Rhxh6 Rxh6 48.Rxh6 Rg3 49.Ne6 Rf3 50.Nd8+ Ke8
51.Nxc6 Rxf5 52.Rg6 Kd7 53.Ne5+ Ke6 54.Rg3 Kd5 55.Rf3 Rg5 56.Ng4 Ke4 57.Re3+ Kf4
58.Re6 Kf5 59.Rc6 Ke4 60.Rc5  1-0

[Event "Ubeda op"]
[Site "Ubeda"]
[Date "1999.01.22"]
[Round "3"]
[White "Genba, Vladimir"]
[Black "Becerra Rivero, Julio"]
[Result "0-1"]
[WhiteElo "2450"]
[BlackElo "2485"]

1.e4 c5 2.c4 Nc6 3.Nc3 g6 4.d3 Bg7 5.g3 d6 6.Bg2 e6 7.Nge2 Nge7 8.O-O O-O
9.Rb1 Qd7 10.a3 b6 11.b4 Bb7 12.Nb5 f5 13.f4 Rab8 14.Be3 a6 15.Nbc3 Nd4 16.Bf2 Rfc8
17.bxc5 bxc5 18.Nxd4 cxd4 19.Na4 Qc7 20.Qe2 Bc6 21.exf5 Nxf5 22.Bxc6 Qxc6
23.Nb6 Re8 24.c5 dxc5 25.Nc4 Rb5 26.Rfe1 Nd6 27.Qa2 Qd5 28.Rbc1 Rbb8 29.Qe2 Nxc4
30.Rxc4 e5 31.Qe4 Qd6 32.f5 gxf5 33.Qxf5 Rb2 34.Qe4 Rf8 35.Re2 Rxe2 36.Qxe2 Rd8
37.Qc2 Rc8 38.Be1 Rc6 39.Qg2  0-1

[Event "Ubeda op"]
[Site "Ubeda"]
[Date "1999.01.26"]
[Round "7"]
[White "Rashkovsky, Nukhim N"]
[Black "Becerra Rivero, Julio"]
[Result "*"]
[WhiteElo "2535"]
[BlackElo "2485"]

1.d4 Nf6 2.c4 g6 3.Nc3 Bg7 4.e4 O-O 5.Nf3 d6 6.Be2 e5 7.O-O Nc6 8.d5 Ne7
9.b4 a5 10.Ba3 Nd7 11.bxa5 Rxa5 12.Bb4 Ra6 13.a4 f5 14.c5 dxc5 15.Ba3 Ra5
16.Nd2 Ra8 17.Nc4 Kh8 18.a5 Ng8 19.Nb5 Ngf6 20.exf5 Nxd5 21.fxg6 hxg6 22.g3  *

[Event "Malaga op"]
[Site "Malaga"]
[Date "1999.02.04"]
[Round "2"]
[White "Becerra Rivero, Julio"]
[Black "Ridameya Tatche, Jose"]
[Result "1-0"]
[WhiteElo "2535"]
[BlackElo "2143"]

1.e4 e5 2.Nf3 Nc6 3.Bb5 a6 4.Ba4 Nf6 5.O-O b5 6.Bb3 Be7 7.Re1 Bb7 8.d4 d6
9.c3 O-O 10.Nbd2 Re8 11.Nf1 Bf8 12.Ng3 Na5 13.Bc2 c5 14.d5 Bc8 15.h3 b4 16.b3 bxc3
17.Qd3 Bd7 18.Qxc3 Nb7 19.Nd2 g6 20.Qe3 Bg7 21.Bb2 Rf8 22.Bd3 Bb5 23.Bc3 Ne8
24.a4 Bxd3 25.Qxd3 Nc7 26.Nc4 a5 27.Qd2 Ne8 28.Rf1 Bf6 29.Ne2 Ng7 30.g3 Nh5
31.Kg2 Re8 32.h4 Bg7 33.Qc2 Ra7 34.Bd2 Qe7 35.Nc3 Qd8 36.Rh1 Nf6 37.Rag1 h5
38.Kf1 Qd7 39.Nb5 Raa8 40.f3 Rf8 41.Nb6 Qd8 42.Nxa8 Qxa8 43.Na3 c4 44.Nxc4 Qa6
45.Kg2 Nd7 46.Rb1 f5 47.Rhf1 Ndc5 48.Be3 f4 49.gxf4 exf4 50.Bf2 Rc8 51.Rbc1 Nd7
52.Qd2 Rf8 53.Rg1 Kh7 54.Kh2 Bf6 55.Rg2 Ndc5 56.Qc2 Rg8 57.Rcg1 Bd8 58.e5 dxe5
59.Nxe5  1-0

[Event "Malaga op"]
[Site "Malaga"]
[Date "1999.02.07"]
[Round "5"]
[White "Korneev, Oleg"]
[Black "Becerra Rivero, Julio"]
[Result "1-0"]
[WhiteElo "2583"]
[BlackElo "2535"]

1.e4 c5 2.Nf3 d6 3.d4 cxd4 4.Nxd4 Nf6 5.Nc3 Nc6 6.Bg5 Qb6 7.Nb3 e6 8.Bf4 Ne5
9.Be3 Qc7 10.f4 Nc6 11.g4 a6 12.g5 Nd7 13.Qf3 b5 14.O-O-O Bb7 15.Qf2 Na5
16.Bd3 Nc4 17.Bxc4 Qxc4 18.Na5 Qc7 19.Nxb7 Qxb7 20.Kb1 b4 21.Ne2 Qxe4 22.Rhe1 Be7
23.Ng3 Qc6 24.f5 g6 25.f6 Bd8 26.Ne2 Ne5 27.Nd4 Qb7 28.Bf4 Bb6 29.Qd2 O-O
30.Qxb4 Rfd8 31.Nb3 Qc7 32.Bxe5 dxe5 33.Qe4 a5 34.a3 Rac8 35.c3 Rb8 36.Ka2 Qa7
37.Qa4 Bc7 38.Rxd8+ Rxd8 39.Rd1 Qb8 40.Nc5 h6 41.Na6 Qc8 42.Rxd8+ Qxd8 43.Nxc7 Qxc7
44.Qe8+ Kh7 45.Ka1 Qb7 46.c4  1-0

[Event "Malaga op"]
[Site "Malaga"]
[Date "1999.02.09"]
[Round "7"]
[White "Fernandez Romero, Ernest"]
[Black "Becerra Rivero, Julio"]
[Result "0-1"]
[WhiteElo "2188"]
[BlackElo "2535"]

1.e4 c6 2.d4 d5 3.exd5 cxd5 4.Bd3 Nc6 5.c3 Qc7 6.Ne2 Bg4 7.f3 Bd7 8.Bf4 e5
9.dxe5 Nxe5 10.O-O Bd6 11.Kh1 Ne7 12.Na3 a6 13.Nc2 O-O 14.Ncd4 Rad8 15.Qc2 Kh8
16.Rad1 Rfe8 17.b3 Bc8 18.Bg3 N5c6 19.Bxd6 Rxd6 20.Qd2 Rh6 21.Qf4 Qxf4 22.Nxf4 Nxd4
23.cxd4 g5 24.Ne2 Nc6 25.Rd2 Kg7 26.Kg1 Bd7 27.Nc3 Nb4 28.a3 Rc8 29.axb4 Rxc3
30.f4 g4 31.Bc2 Rb6 32.f5 Kf6 33.Rf4 h5 34.h3 gxh3 35.gxh3 Rxh3 36.Rg2 Rxb4
37.Rg6+ fxg6 38.fxg6+ Kg5  0-1

[Event "Malaga op"]
[Site "Malaga"]
[Date "1999.02.10"]
[Round "8"]
[White "Becerra Rivero, Julio"]
[Black "Garcia Vicente, Nieves"]
[Result "1-0"]
[WhiteElo "2535"]
[BlackElo "2263"]

1.e4 e5 2.Nf3 Nc6 3.Bb5 Nf6 4.O-O Nxe4 5.Re1 Nd6 6.Nxe5 Be7 7.Bf1 Nxe5 8.Rxe5 O-O
9.d4 Bf6 10.Re1 Re8 11.c3 Rxe1 12.Qxe1 Qe7 13.Qd1 b6 14.Bf4 Bb7 15.a4 Re8
16.a5 Qe1 17.Na3 Qxd1 18.Rxd1 bxa5 19.Ra1 Bc6 20.Bxd6 cxd6 21.Nc4 Rb8 22.Rxa5 d5
23.Ne3 Rxb2 24.Rxa7 h5 25.Rc7 g6 26.g3 Rb1 27.h4 Kf8 28.Kg2 Ke7 29.Be2 Kd6
30.Ra7 Rb3 31.Nd1 Bd8 32.Bf3 Bb6 33.Ra2 Bb5 34.Ra8 Bc6 35.Rf8 Ke6 36.Rb8 Kd6
37.Ne3 Rb5 38.Rf8 Ke7 39.Rc8 Kd6 40.c4 Bxd4  1-0